[Event "IRI-chT"]
[Site "Iran"]
[Date "2005.08.25"]
[Round "8"]
[White "Salehzadeh, MR."]
[Black "Bajarani, Ilgar"]
[Result "0-1"]
[WhiteElo "2166"]
[BlackElo "2322"]
[PlyCount "68"]
[EventDate "2005.05.26"]
[EventType "team"]
[EventRounds "11"]
[EventCountry "IRI"]
[SourceTitle "CBM 106 Extra"]
[Source "ChessBase"]
[SourceDate "2005.07.01"]
[SourceVersion "1"]
[SourceVersionDate "2005.07.01"]
[SourceQuality "1"]

1. Nf3 Nf6 2. c4 e6 3. Nc3 d5 4. d4 Bb4 5. cxd5 exd5 6. Bg5 Nbd7 7. Qc2 c5 8. dxc5 Qa5 9. Bd2 0-0 10. e3 Nxc5 11. Rc1 Nce4 12. a3 Nxd2 13. Qxd2 Be7 14. Be2 Bg4 15. 0-0 Rad8 16. Rfd1 a6 17. Nd4 Bc8 18. Ne4 Qb6 19. Nxf6+ Qxf6 20. Nf3 g5 21. b4 g4 22. Ne1 Qh6 23. Nd3 d4 24. Nf4 Bg5 25. g3 Rfe8 26. exd4 Re4 27. Bd3 Rxf4 28. h4 gxh3 29. Rxc8 Rxc8 30. gxf4 Bxf4 31. Qe2 Qg5+ 32. Kf1 Qg2+ 33. Ke1 h2 34. Bxh7+ Kg7 0-1